000 00463nam a2200181Ia 4500
001 10180
005 20260306161813.0
008 260306t1997||||xx |||||||||||||| ||spa||
041 _aESP
082 _a907.2
_bB81
100 _aBraudel, Fernand
_eAUT
245 0 _aLas civilizaciones actuales:
_bestudio de historia económica y social
260 _c1997
300 _a497 páginas :
_c23 cm.
650 _aGEN
654 _aCHU
942 _cLIB
_dJUS
_fJUS
_2ddc
_n
999 _c10180
_d10180